00373nam a22001337a 450000500170000000800410001704100120005808200130007010000120008324500400009526000550013530000240019065000250021420240705140853.0240705b |||||||| |||| 00| 0 eng d aEnglish a349 PRE  lEnglish aPrentice Hall Weekly Legal Service  aDurban: bPrentice Hall Services (Pty) Ltd, c1940 b68 pages; c26 cm.  aLegal practice bLaw